Statistics for Top 50 Albums of All Time

Click here to take the quiz!

General Stats

  • This quiz has been taken 17 times
    (10 since last reset)
  • The average score is 19 of 50

Answer Stats

ArtistAlbum% Correct
Pink FloydThe Dark Side of The Moon
89%
The BeatlesSgt. Pepper's Lonely Hearts Club Band
78%
The BeatlesThe Beatles (White Album)
78%
Kendrick LamarTo Pimp a Butterfly
78%
The BeatlesAbbey Road
67%
David BowieThe Rise and Fall of Ziggy Stardust
67%
Pink FloydWish You Were Here
67%
Pink FloydAnimals
56%
Neutral Milk HotelIn the Aeroplane Over the Sea
56%
King CrimsonIn the Court of the Crimson King
56%
RadioheadOK Computer
56%
The Beach BoysPet Sounds
56%
Stevie WonderSongs in the Key of Life
56%
The SmithsThe Queen Is Dead
56%
The Velvet Underground & NicoThe Velvet Underground & Nico
56%
Wu-Tang ClanEnter the Wu-Tang
44%
Kendrick Lamargood kid, m.A.A.d city
44%
Bob DylanHighway 61 Revisited
44%
RadioheadIn Rainbows
44%
RadioheadKid A
44%
Miles DavisKind of Blue
44%
Led ZeppelinLed Zeppelin IV
44%
Madvillain/MadlibMadvillainy
44%
Kanye WestMy Beautiful Dark Twisted Fantasy
44%
Black SabbathParanoid
44%
PortisheadDummy
33%
NasIllmatic
33%
King CrimsonRed
33%
The BeatlesRevolver
33%
Joy DivisionUnknown Pleasures
33%
John ColtraneA Love Supreme
22%
Miles DavisBitches Brew
22%
The CureDisintegration
22%
Godspeed You Black Emperor!F#A#
22%
Kate BushHounds of Love
22%
FishmansLong Season
22%
my bloody valentineloveless
22%
Nick DrakePink Moon
22%
SlintSpiderland
22%
Fishmans98.12.28
11%
PixiesDolittle
11%
Godspeed You Black Emperor!Lift Yr. Skinny Fists Like Antennas to Heaven!
11%
David BowieLow
11%
TelevisionMarquee Moon
11%
Talking HeadsRemain in Light
11%
SlowdiveSouvlaki
11%
MingusThe Black Saint and the Sinner Lady
11%
The MicrophonesThe Glow pt. 2
11%
BjörkVespertine
11%
Miles DavisIn a Silent Way
0%

Score Distribution

Percentile by Number Answered

Percent of People with Each Score

Your Score History

You have not taken this quiz since the last reset